Instant Notes in Microbiology

Guardado en:
Detalles Bibliográficos
Autor principal: Nicklin, J. (Autor)
Formato: Libro
Lenguaje:inglés
Publicado: Oxford : BIOS Scientific Publ.Ltd, 1999
Colección:The Instant Notes Series
Etiquetas: Agregar Etiqueta
Sin Etiquetas, Sea el primero en etiquetar este registro!

MARC

LEADER 00000nam a22000003a 4500
001 stu54607
005 20150617225658.1
008 000711s1999----uk------------------eng-d
020 |a 1-85996-156-8 
040 |a STU  |b slo 
041 0 |a eng 
044 |a uk 
080 |a 576.8  |7 stu_us_auth*stu5767 
100 1 |a Nicklin, J.  |4 aut 
245 1 |a Instant Notes in Microbiology 
260 |a Oxford :  |b BIOS Scientific Publ.Ltd,  |c 1999 
300 |a 342 s. Obr.,tab.,grafy,lit.,index 
830 0 |a The Instant Notes Series 
996 |b C96391  |c C*96391  |l CCXI  |s P  |a 0  |w stu54607_0001